[Event "Junior Online 4NCL Division 5"]
[Site "online"]
[Date "2020.05.14"]
[Round "5.15"]
[White "Triffitt, Bradley"]
[Black "Madhavan, Sanjith"]
[Result "0-1"]
[WhiteElo "1495"]
[BlackElo "1498"]
[PlyCount "70"]
[EventDate "2020.05.14"]
[WhiteTeam "Hull and Friends 2"]
[BlackTeam "East Kilbride Knights"]

1. d4 Nf6 2. c4 g6 3. Nf3 Bg7 4. Bg5 d6 5. Nc3 O-O 6. e3 h6 7. Bh4 Nbd7 8. Bd3
e5 9. O-O g5 10. Bg3 Nh5 11. dxe5 Nxe5 12. Nxe5 dxe5 13. Bc2 Nxg3 14. hxg3 Be6
15. c5 Qe7 16. Qd3 f5 17. g4 e4 18. Qb5 c6 19. Qa5 fxg4 20. Nxe4 Bxb2 21. Rab1
Be5 22. Rfd1 g3 23. f3 g4 24. f4 Bf5 25. fxe5 Qxe5 26. Bb3+ Kh8 27. Nd6 Qxe3+
28. Kh1 Bxb1 29. Rxb1 Qe5 30. Nf7+ Rxf7 31. Bxf7 Rf8 32. Re1 Rxf7 33. Qd8+ Kg7
34. Qd1 Qh5+ 35. Kg1 Qh2# 0-1

[Event "Junior Online 4NCL Division 5"]
[Site "online"]
[Date "2020.05.14"]
[Round "5.16"]
[White "Shrestha, Unnabh"]
[Black "Kasprzyk, Milosz"]
[Result "0-1"]
[WhiteElo "1084"]
[BlackElo "1405"]
[PlyCount "96"]
[EventDate "2020.05.14"]
[WhiteTeam "East Kilbride Knights"]
[BlackTeam "Hull and Friends 2"]

1. d4 Nf6 2. Bf4 d5 3. e3 e6 4. Nf3 c5 5. c3 Nc6 6. Bd3 Bd6 7. Bxd6 Qxd6 8. Qc2
O-O 9. Nbd2 e5 10. dxe5 Nxe5 11. Nxe5 Qxe5 12. O-O-O c4 13. Be2 Bf5 14. Qa4
Rfb8 15. Nf3 Qe4 16. Nd2 Qxg2 17. Bf3 Qxf2 18. Rde1 Bd3 19. h4 Re8 20. Reg1
Rxe3 21. Rg2 Re1+ 22. Rxe1 Qxe1+ 23. Qd1 Qxd1+ 24. Kxd1 Re8 25. Rg1 g6 26. Re1
Rxe1+ 27. Kxe1 Kf8 28. Kf2 Ke7 29. Ke3 Kd6 30. Kd4 a5 31. b3 b5 32. bxc4 bxc4
33. a4 Bc2 34. Ke3 Bxa4 35. Kf4 Bb3 36. Nb1 a4 37. Kg5 Ne4+ 38. Kh6 Nd2 39.
Nxd2 a3 40. Nxb3 cxb3 41. Bd1 b2 42. Bc2 a2 43. Kxh7 a1=Q 44. Kg7 Qa7 45. Bxg6
fxg6+ 46. Kxg6 b1=Q+ 47. Kh6 Qf5 48. h5 Qf6# 0-1

[Event "Junior Online 4NCL Division 5"]
[Site "online"]
[Date "2020.05.14"]
[Round "5.17"]
[White "Wood, Philip A"]
[Black "Tandon, Ashley"]
[Result "1-0"]
[WhiteElo "1427"]
[BlackElo "905"]
[PlyCount "91"]
[EventDate "2020.05.14"]
[WhiteTeam "Hull and Friends 2"]
[BlackTeam "East Kilbride Knights"]

1. d4 Nf6 2. Nc3 c5 3. e3 cxd4 4. exd4 d5 5. Bf4 e6 6. Nf3 Nc6 7. a3 Be7 8. Be2
O-O 9. O-O a6 10. Re1 h6 11. Qd2 Bd6 12. Rad1 Re8 13. Qe3 e5 14. dxe5 Nxe5 15.
Nxe5 Ng4 16. Bxg4 Bxg4 17. Rxd5 f6 18. Qd3 Re6 19. Nf3 Bxf3 20. Rxe6 Bxd5 21.
Qxd5 Kh8 22. Rxd6 Qe7 23. Re6 Qf7 24. Re1 Qxd5 25. Nxd5 Rc8 26. Nc3 b5 27. h3
a5 28. Nxb5 Rxc2 29. Rb1 Rc5 30. Nc3 Rf5 31. Bg3 g5 32. b4 axb4 33. axb4 h5 34.
b5 Rc5 35. Ne4 Rc8 36. Nxf6 h4 37. Bh2 Kg7 38. Ng4 Kg6 39. b6 Re8 40. b7 Kh5
41. Nf6+ Kg6 42. Nxe8 Kf7 43. g4 Kxe8 44. b8=Q+ Kf7 45. Rb7+ Kf6 46. Qd6# 1-0

[Event "Junior Online 4NCL Division 5"]
[Site "online"]
[Date "2020.05.14"]
[Round "5.18"]
[White "Nagar Nikunj"]
[Black "Pointon, Natasha"]
[Result "1-0"]
[WhiteElo "653"]
[BlackElo "1165"]
[PlyCount "67"]
[EventDate "2020.05.14"]
[WhiteTeam "East Kilbride Knights"]
[BlackTeam "Hull and Friends 2"]

1. e4 e5 2. Nf3 Nc6 3. Bc4 Bc5 4. Ng5 Qxg5 5. g3 Qf6 6. Qe2 Qd8 7. Qf3 Nf6 8.
Nc3 O-O 9. d3 d6 10. Bd2 Bg4 11. Qg2 Qd7 12. h3 Be6 13. O-O-O Bxc4 14. dxc4
Rad8 15. f3 Rfe8 16. Rhe1 a6 17. f4 exf4 18. gxf4 Nb4 19. Kb1 Nc6 20. f5 g6 21.
fxg6 fxg6 22. Bg5 Qe6 23. Rf1 Rf8 24. Rf3 Rf7 25. Rdf1 Qxc4 26. Rxf6 Nb4 27.
Rxf7 Kh8 28. Bxd8 Qd4 29. Bf6+ Kg8 30. Bxd4 Bxd4 31. Rf8+ Kg7 32. R1f7+ Kh6 33.
Qd2+ Kh5 34. Rxh7# 1-0

[Event "Junior Online 4NCL Division 5"]
[Site "online"]
[Date "2020.05.14"]
[Round "5.21"]
[White "McIntyre, Jack"]
[Black "Liu, Wenle"]
[Result "0-1"]
[WhiteElo "1376"]
[BlackElo "1069"]
[PlyCount "126"]
[EventDate "2020.05.14"]
[WhiteTeam "Gonzaga College SJ C"]
[BlackTeam "St Benildus 1"]

1. e4 e5 2. Nf3 Nc6 3. Bc4 Bc5 4. c3 Nf6 5. d3 h6 6. Nbd2 d6 7. Bb3 O-O 8. Nf1
Be6 9. Bc2 d5 10. exd5 Bxd5 11. Be3 Bb6 12. Bxb6 axb6 13. Ne3 Be6 14. O-O Qe7
15. d4 Rfd8 16. Bb1 Bg4 17. Nf5 Qf8 18. h3 Bh5 19. g4 Nxg4 20. hxg4 Bxg4 21.
Be4 exd4 22. cxd4 g6 23. Bxc6 bxc6 24. Ne3 Be6 25. Qc2 Qd6 26. a3 Ra5 27. Rfd1
Rh5 28. Kf1 Bd5 29. Ke2 Bxf3+ 30. Kxf3 Rh3+ 31. Ke2 Re8 32. Rd3 Qe6 33. Rad1 f5
34. Kd2 Rf3 35. Kc3 Qf6 36. Qb3+ Kh7 37. R1d2 c5 38. Kc2 cxd4 39. Rxd4 c5 40.
Rd7+ Kh8 41. Qd3 f4 42. Qd6 Qxd6 43. R7xd6 fxe3 44. fxe3 Rfxe3 45. Rxg6 R3e6
46. Rdg2 Re2+ 47. Rxe2 Rxe2+ 48. Kc3 Re3+ 49. Kd2 Rb3 50. Rxh6+ Kg7 51. Kc2
Rxb2+ 52. Kxb2 Kxh6 53. Kc3 Kg6 54. Kc4 Kf6 55. Kd5 Ke7 56. Kc6 c4 57. Kxb6 c3
58. a4 c2 59. a5 c1=Q 60. a6 Qb1+ 61. Ka7 Kd7 62. Ka8 Kc8 63. a7 Qb7# 0-1

[Event "Junior Online 4NCL Division 5"]
[Site "online"]
[Date "2020.05.14"]
[Round "5.22"]
[White "Hand, Joseph"]
[Black "Burke, Hugh"]
[Result "0-1"]
[WhiteElo "1092"]
[BlackElo "977"]
[PlyCount "48"]
[EventDate "2020.05.14"]
[WhiteTeam "St Benildus 1"]
[BlackTeam "Gonzaga College SJ C"]

1. e4 c5 2. Nf3 d6 3. Bc4 Nf6 4. Nc3 a6 5. d4 cxd4 6. Nxd4 e6 7. O-O b5 8. Be2
Bb7 9. Ncxb5 axb5 10. Bxb5+ Nbd7 11. Bg5 Be7 12. Bxf6 Bxf6 13. Re1 O-O 14. c3
Nc5 15. Nc6 Qb6 16. a4 Bxc6 17. Qxd6 Rac8 18. e5 Rfd8 19. Qxd8+ Bxd8 20. b4
Bxb5 21. axb5 Nd3 22. Re3 Rxc3 23. Rd1 Qxb5 24. Kf1 Nb2+ 0-1

[Event "Junior Online 4NCL Division 5"]
[Site "online"]
[Date "2020.05.14"]
[Round "5.23"]
[White "Cloonan, Mark"]
[Black "Bueckert, Diana"]
[Result "0-1"]
[WhiteElo "963"]
[BlackElo "965"]
[PlyCount "46"]
[EventDate "2020.05.14"]
[WhiteTeam "Gonzaga College SJ C"]
[BlackTeam "St Benildus 1"]

1. e4 e6 2. d4 d5 3. e5 c5 4. Bb5+ Bd7 5. Bxd7+ Nxd7 6. c3 Qb6 7. Nf3 cxd4 8.
cxd4 Nh6 9. O-O Nf5 10. b3 Be7 11. Bb2 O-O 12. Ba3 Bxa3 13. Nxa3 Rac8 14. Qd2
f6 15. exf6 Nxf6 16. Rac1 Ne4 17. Qb2 Qb4 18. Nc2 Qc3 19. Qxc3 Nxc3 20. Rfe1
Nxa2 21. Ne5 Nxc1 22. Rxc1 Nxd4 23. Nd7 Rfd8 0-1

[Event "Junior Online 4NCL Division 5"]
[Site "online"]
[Date "2020.05.14"]
[Round "5.24"]
[White "Bueckert, Lucy"]
[Black "Ridgway, Charles"]
[Result "1-0"]
[WhiteElo "819"]
[BlackElo "797"]
[PlyCount "81"]
[EventDate "2020.05.14"]
[WhiteTeam "St Benildus 1"]
[BlackTeam "Gonzaga College SJ C"]

1. f4 d5 2. Nf3 Nc6 3. e3 Nf6 4. Bb5 Bd7 5. Bxc6 Bxc6 6. Ne5 Bb5 7. d3 e6 8.
O-O Be7 9. Nc3 Ba6 10. b3 O-O 11. Bb2 Nd7 12. Nxd7 Qxd7 13. Qe1 Bc5 14. Qg3 d4
15. exd4 Bxd4+ 16. Kh1 Qc6 17. Ne4 Bxb2 18. Rab1 Bd4 19. c3 Bxc3 20. Rbc1 Qd7
21. Rxc3 Rfd8 22. Nf6+ Kf8 23. Nxd7+ Rxd7 24. f5 exf5 25. Rxf5 Rad8 26. Rxc7
Bxd3 27. Rxd7 Rxd7 28. Qb8+ Ke7 29. Re5+ Kf6 30. Qe8 Bb5 31. Re1 Rd5 32. Qe7+
Kg6 33. Qe4+ Rf5 34. Qg4+ Rg5 35. Qe4+ Rf5 36. Qxb7 Rf6 37. Qxb5 h6 38. Qd3+
Rf5 39. g4 Kh7 40. Qxf5+ g6 41. Qxf7+ 1-0

[Event "Junior Online 4NCL Division 5"]
[Site "online"]
[Date "2020.05.14"]
[Round "5.25"]
[White "Liu, Wenle"]
[Black "McIntyre, Jack"]
[Result "0-1"]
[WhiteElo "1069"]
[BlackElo "1376"]
[PlyCount "134"]
[EventDate "2020.05.14"]
[WhiteTeam "St Benildus 1"]
[BlackTeam "Gonzaga College SJ C"]

1. e4 g6 2. d4 Bg7 3. Nf3 d6 4. Nc3 a6 5. Bc4 c6 6. O-O b5 7. Bb3 Nd7 8. Bf4
Bb7 9. e5 c5 10. dxc5 dxe5 11. Be3 Ngf6 12. Nd2 Rc8 13. f4 exf4 14. Bxf4 Nxc5
15. Nf3 O-O 16. Qxd8 Rcxd8 17. Be3 Nce4 18. Nxe4 Nxe4 19. c3 Bd5 20. Bxd5 Rxd5
21. Rad1 Rfd8 22. Rxd5 Rxd5 23. Nd4 Bxd4 24. Bxd4 Nd6 25. Kf2 Nf5 26. Rd1 Nxd4
27. Rxd4 Rxd4 28. cxd4 Kg7 29. Ke3 Kf6 30. Kd3 Ke6 31. Kc3 Kd5 32. Kd3 f6 33.
b4 e5 34. dxe5 fxe5 35. a3 e4+ 36. Ke3 h6 37. g4 g5 38. h3 Ke5 39. Ke2 Kd4 40.
Kd2 e3+ 41. Ke2 Ke4 42. Ke1 Kd3 43. Kd1 Kc3 44. Ke2 Kb3 45. Kxe3 Kxa3 46. Kd3
Kxb4 47. Kc2 a5 48. Kb2 Kc4 49. Kc2 b4 50. Kb2 Kd4 51. Kb3 Ke3 52. Kc2 Kf3 53.
Kd3 Kg3 54. Ke3 Kxh3 55. Kf3 b3 56. Ke2 Kxg4 57. Kd3 a4 58. Kc3 h5 59. Kb2 h4
60. Ka3 h3 61. Kxa4 b2 62. Ka3 b1=Q 63. Ka4 Kf5 64. Ka5 Ke5 65. Ka6 Kd6 66. Ka5
Kc5 67. Ka6 Qb6# 0-1

[Event "Junior Online 4NCL Division 5"]
[Site "online"]
[Date "2020.05.14"]
[Round "5.26"]
[White "Burke, Hugh"]
[Black "Hand, Joseph"]
[Result "1-0"]
[WhiteElo "977"]
[BlackElo "1092"]
[PlyCount "133"]
[EventDate "2020.05.14"]
[WhiteTeam "Gonzaga College SJ C"]
[BlackTeam "St Benildus 1"]

1. b3 e5 2. Bb2 Nc6 3. e3 d5 4. Bb5 Bd7 5. Bxc6 Bxc6 6. Bxe5 Nf6 7. Ne2 Bd6 8.
Bxd6 Qxd6 9. O-O O-O 10. d4 Ng4 11. Ng3 Bb5 12. Qxg4 Bxf1 13. Kxf1 Qa6+ 14. Kg1
b5 15. Nc3 Qc6 16. Nge2 b4 17. Na4 Qxc2 18. Ng3 Rfc8 19. Nf5 Kf8 20. Qxg7+ Ke8
21. Qg8+ Kd7 22. Qxf7+ Kc6 23. Ne7+ Kb7 24. Qxd5+ c6 25. Qc4 Qxc4 26. bxc4 Rc7
27. Nf5 Rd8 28. Rb1 c5 29. Nxc5+ Rxc5 30. dxc5 a5 31. h3 Kc6 32. Kh2 Kxc5 33.
Rc1 Rd2 34. Ng3 Rxa2 35. Ne4+ Kc6 36. f4 Re2 37. f5 Rxe3 38. Ng3 b3 39. Rb1 a4
40. f6 Re8 41. Nf1 Rf8 42. Nd2 Rxf6 43. Nxb3 axb3 44. Rxb3 Kc5 45. Rc3 Rf4 46.
Kg3 Rd4 47. Kf3 h5 48. Kg3 Re4 49. Kf3 Rd4 50. g3 h4 51. g4 Rd7 52. g5 Rg7 53.
Kg4 Rg8 54. Kxh4 Rh8+ 55. Kg4 Rg8 56. h4 Rd8 57. Kh5 Rh8+ 58. Kg4 Re8 59. g6
Rg8 60. h5 Rg7 61. Kg5 Rg8 62. h6 Re8 63. h7 Re5+ 64. Kh6 Re1 65. h8=Q Rh1+ 66.
Kg7 Rxh8 67. Kxh8 1-0

[Event "Junior Online 4NCL Division 5"]
[Site "online"]
[Date "2020.05.14"]
[Round "5.27"]
[White "Bueckert, Diana"]
[Black "Cloonan, Mark"]
[Result "1-0"]
[WhiteElo "965"]
[BlackElo "963"]
[PlyCount "94"]
[EventDate "2020.05.14"]
[WhiteTeam "St Benildus 1"]
[BlackTeam "Gonzaga College SJ C"]

1. d4 d5 2. Nf3 Nf6 3. c4 e6 4. Nc3 Bb4 5. Qc2 O-O 6. e3 Nc6 7. Bd3 g6 8. O-O
Na5 9. a3 Bxc3 10. Qxc3 Ne4 11. Qxa5 b6 12. Qb4 a5 13. Qb3 Nd6 14. cxd5 exd5
15. Qxd5 Bb7 16. Qb3 Kg7 17. d5 f5 18. Bd2 Ne4 19. Bc3+ Nxc3 20. Qxc3+ Kg8 21.
Bc4 Bxd5 22. Bxd5+ Qxd5 23. Qxc7 Rac8 24. Qxb6 Rb8 25. Qd4 Qxd4 26. Nxd4 Rxb2
27. Rfc1 Rfb8 28. Nc6 R8b5 29. h3 Rd2 30. Nd4 Rbb2 31. Rf1 Kf7 32. Nc6 a4 33.
Ne5+ Ke6 34. Nc4 Ra2 35. Nxd2 Rxd2 36. Rfc1 Rd7 37. Rc4 Ra7 38. Rb1 Kd5 39.
Rbb4 Ra8 40. Rxa4 Rb8 41. Rab4 Ra8 42. a4 h6 43. Rc1 g5 44. Ra1 Kc5 45. Rb2 Kc4
46. a5 Kc3 47. Rb6 Kc4 1-0

[Event "Junior Online 4NCL Division 5"]
[Site "online"]
[Date "2020.05.14"]
[Round "5.28"]
[White "Ridgway, Charles"]
[Black "Bueckert, Lucy"]
[Result "1-0"]
[WhiteElo "797"]
[BlackElo "819"]
[PlyCount "133"]
[EventDate "2020.05.14"]
[WhiteTeam "Gonzaga College SJ C"]
[BlackTeam "St Benildus 1"]

1. e4 d5 2. exd5 Nf6 3. Nc3 Nxd5 4. Nxd5 Qxd5 5. Nf3 Bg4 6. Be2 e6 7. O-O Bd6
8. h3 Bxf3 9. Bxf3 Qe5 10. g3 c6 11. Re1 Qf5 12. Bg2 Bc5 13. Rf1 O-O 14. d4 Bd6
15. Be3 Na6 16. c3 Nc7 17. Qf3 Qxf3 18. Bxf3 e5 19. Rad1 Rad8 20. dxe5 Bxe5 21.
Bxa7 Rxd1 22. Rxd1 Nb5 23. Bc5 Ra8 24. a3 g5 25. Rd7 Rb8 26. a4 Nc7 27. Bb6 Ne6
28. Re7 Ra8 29. Rxb7 Rxa4 30. Bxc6 Ra1+ 31. Kg2 Ra2 32. Be3 Nd8 33. Rb6 Nxc6
34. Rxc6 Rxb2 35. Bxg5 Rb8 36. Rc5 Bd6 37. Rd5 h6 38. Bxh6 Rb3 39. Rxd6 Rxc3
40. Be3 Rc8 41. Bg5 Kf8 42. Rd8+ Rxd8 43. Bxd8 Ke8 44. Ba5 Kf8 45. Bb4+ Kg7 46.
h4 f6 47. Bc3 Kg6 48. Kh3 f5 49. g4 fxg4+ 50. Kxg4 Kh6 51. f4 Kg6 52. h5+ Kh6
53. Bd2 Kg7 54. Kg5 Kf7 55. h6 Kg8 56. Kg6 Kh8 57. Bc3+ Kg8 58. h7+ Kf8 59.
h8=Q+ Ke7 60. Qe5+ Kd7 61. Kf6 Kc6 62. Ke6 Kb6 63. Qd5 Ka7 64. Qb5 Ka8 65. Kd7
Ka7 66. Kc7 Ka8 67. Qb7# 1-0

[Event "Junior Online 4NCL Division 5"]
[Site "online"]
[Date "2020.05.14"]
[Round "5.31"]
[White "Patel, Zain"]
[Black "Sharan, Kartike"]
[Result "1-0"]
[WhiteElo "1472"]
[BlackElo "1140"]
[PlyCount "31"]
[EventDate "2020.05.14"]
[WhiteTeam "Hammersmith 2"]
[BlackTeam "Phones Junior A"]

1. e4 e5 2. Nf3 Nc6 3. Bc4 Bc5 4. b4 Bxb4 5. c3 Ba5 6. d4 exd4 7. O-O dxc3 8.
Qb3 Qf6 9. Bg5 Qg6 10. Nxc3 Bxc3 11. Qxc3 Nf6 12. Bd3 Nxe4 13. Bxe4 Qxe4 14.
Rae1 Qxe1 15. Rxe1+ Kf8 16. Bh6 1-0

[Event "Junior Online 4NCL Division 5"]
[Site "online"]
[Date "2020.05.14"]
[Round "5.32"]
[White "Vadalia, Jainill"]
[Black "Ward, Cian"]
[Result "0-1"]
[WhiteElo "1123"]
[BlackElo "1465"]
[PlyCount "122"]
[EventDate "2020.05.14"]
[WhiteTeam "Phones Junior A"]
[BlackTeam "Hammersmith 2"]

1. d4 d5 2. c4 c6 3. Nf3 Nf6 4. e3 Bg4 5. h3 Bh5 6. Be2 e6 7. cxd5 cxd5 8. Ne5
Bxe2 9. Qxe2 Bd6 10. Nf3 Qc7 11. O-O Nc6 12. Nc3 O-O 13. Bd2 Rac8 14. Nb5 Qd7
15. Nxd6 Qxd6 16. Rac1 Ne4 17. a3 Rfd8 18. Rfd1 Nxd2 19. Qxd2 h6 20. Qd3 Rc7
21. Rc2 Rdc8 22. Rdc1 Na5 23. Rxc7 Rxc7 24. Rxc7 Qxc7 25. Ne5 Qc1+ 26. Kh2 Qxb2
27. f3 Qc1 28. e4 dxe4 29. fxe4 Qf4+ 30. g3 Qf2+ 31. Kh1 Nc6 32. Nxc6 bxc6 33.
Qc3 Qe2 34. Qxc6 Qf1+ 35. Kh2 Qf2+ 36. Kh1 Qxg3 37. Qe8+ Kh7 38. Qxf7 Qxh3+ 39.
Kg1 Qe3+ 40. Kg2 Qxe4+ 41. Kg1 Qxd4+ 42. Kg2 Qe4+ 43. Kg1 Qg6+ 44. Qxg6+ Kxg6
45. Kg2 Kf5 46. Kf3 g5 47. a4 g4+ 48. Kg3 h5 49. Kg2 e5 50. Kg3 e4 51. a5 Ke5
52. a6 Kd4 53. Kf2 e3+ 54. Ke1 g3 55. Kf1 Ke4 56. Kg2 e2 57. Kxg3 e1=Q+ 58. Kg2
Qe3 59. Kh1 Qe2 60. Kg1 Kf3 61. Kh1 Qg2# 0-1

[Event "Junior Online 4NCL Division 5"]
[Site "online"]
[Date "2020.05.14"]
[Round "5.33"]
[White "Hatem, Mika"]
[Black "Lukhi, Neev"]
[Result "0-1"]
[WhiteElo "1450"]
[BlackElo "969"]
[PlyCount "72"]
[EventDate "2020.05.14"]
[WhiteTeam "Hammersmith 2"]
[BlackTeam "Phones Junior A"]

1. e4 b6 2. d4 Bb7 3. Nc3 e6 4. Bd3 Bb4 5. Nf3 Nf6 6. Qe2 O-O 7. e5 Nd5 8. Bd2
Nxc3 9. Bxc3 Bxc3+ 10. bxc3 d6 11. exd6 cxd6 12. O-O Nd7 13. Rab1 Nf6 14. Rfe1
Rc8 15. c4 Re8 16. Qd2 Bxf3 17. gxf3 Nh5 18. Kh1 Qf6 19. Qd1 Nf4 20. d5 exd5
21. cxd5 Rxe1+ 22. Qxe1 Nxd3 23. cxd3 Qxf3+ 24. Kg1 Qxd3 25. Rb3 Qg6+ 26. Kh1
Qg5 27. Rc3 Qxd5+ 28. Kg1 Qb7 29. Qe2 Qd7 30. Qb5 Qg4+ 31. Kh1 Qd1+ 32. Kg2
Qg4+ 33. Kh1 Qe6 34. Qe2 Rxc3 35. Qa6 Rc1+ 36. Kg2 Qg4# 0-1

[Event "Junior Online 4NCL Division 5"]
[Site "online"]
[Date "2020.05.14"]
[Round "5.34"]
[White "Anbu, Rajkumar"]
[Black "Harb, Laith A"]
[Result "0-1"]
[WhiteElo "813"]
[BlackElo "1390"]
[PlyCount "50"]
[EventDate "2020.05.14"]
[WhiteTeam "Phones Junior A"]
[BlackTeam "Hammersmith 2"]

1. e4 c5 2. c4 d6 3. Nf3 Nf6 4. Nc3 e6 5. d4 cxd4 6. Nxd4 Nbd7 7. Bg5 Be7 8.
Ndb5 Qb6 9. Bxf6 Nxf6 10. Qa4 Bd7 11. Qa3 a6 12. Na4 Qa5+ 13. b4 Qd8 14. Nbc3
O-O 15. O-O-O a5 16. c5 Bxa4 17. Nxa4 axb4 18. Qxb4 Qa5 19. Qxa5 Rxa5 20. cxd6
Bxd6 21. Rxd6 Rxa4 22. e5 Rc8+ 23. Kb2 Ne4 24. Rd7 Rb4+ 25. Ka1 Rc1# 0-1

[Event "Junior Online 4NCL Division 5"]
[Site "online"]
[Date "2020.05.14"]
[Round "5.35"]
[White "Sharan, Kartike"]
[Black "Patel, Zain"]
[Result "0-1"]
[WhiteElo "1140"]
[BlackElo "1472"]
[PlyCount "74"]
[EventDate "2020.05.14"]
[WhiteTeam "Phones Junior A"]
[BlackTeam "Hammersmith 2"]

1. e4 c5 2. Nc3 e6 3. Bc4 Nc6 4. a3 Nf6 5. d3 a6 6. Bg5 b5 7. Ba2 d6 8. Nf3 Be7
9. O-O O-O 10. Qd2 Bb7 11. Rfe1 b4 12. axb4 cxb4 13. Ne2 Nxe4 14. dxe4 Ne5 15.
Ned4 Nxf3+ 16. Nxf3 h5 17. Bxe7 Qxe7 18. Qxb4 Rac8 19. c3 Rb8 20. Qc4 Rfc8 21.
Qd3 Bc6 22. Bb1 Rxb2 23. Rxa6 Bb5 24. Qxd6 Qf6 25. Rb6 Qxc3 26. Rd1 Rxb1 27. h3
Rxd1+ 28. Qxd1 Qc5 29. Rd6 Be2 30. Rd8+ Rxd8 31. Qxd8+ Qf8 32. Qh4 Bxf3 33.
gxf3 g6 34. Kg2 Qh6 35. Kg3 g5 36. Qg4 hxg4 37. hxg4 Qh4+ 0-1

[Event "Junior Online 4NCL Division 5"]
[Site "online"]
[Date "2020.05.14"]
[Round "5.36"]
[White "Ward, Cian"]
[Black "Vadalia, Jainill"]
[Result "1-0"]
[WhiteElo "1465"]
[BlackElo "1123"]
[PlyCount "123"]
[EventDate "2020.05.14"]
[WhiteTeam "Hammersmith 2"]
[BlackTeam "Phones Junior A"]

1. e4 b6 2. d4 Bb7 3. Bd3 Nf6 4. Nc3 e6 5. Nf3 Bb4 6. Bg5 h6 7. Bh4 O-O 8. e5
g5 9. exf6 gxh4 10. Nxh4 Qxf6 11. Qg4+ Qg7 12. Qxg7+ Kxg7 13. Nf3 f5 14. Ne5 d6
15. Nf3 Kh7 16. O-O-O Rg8 17. Rhg1 Bxf3 18. gxf3 Nc6 19. d5 Bxc3 20. bxc3 Ne5
21. dxe6 Nxf3 22. Bxf5+ Kh8 23. Rxg8+ Rxg8 24. h3 Nh4 25. Bg4 Ng6 26. Bh5 Nf4
27. Bf7 Nxh3 28. e7 Ra8 29. Rd2 Ng5 30. e8=Q+ Rxe8 31. Bxe8 Ne4 32. Re2 Nxc3
33. Re7 Nd5 34. Rd7 Nf6 35. Rxc7 Nxe8 36. Rc8 Kg7 37. Rxe8 Kg6 38. Ra8 h5 39.
Kd1 Kg5 40. Ke1 Kg4 41. Kf1 h4 42. Kg1 h3 43. Kh2 Kf3 44. Kxh3 Kxf2 45. Rxa7
Ke3 46. Ra6 Kd2 47. Rxb6 Kxc2 48. Rxd6 Kc3 49. Rb6 Kc4 50. a3 Kc5 51. Rb1 Kc6
52. a4 Kc5 53. a5 Kc4 54. a6 Kc3 55. a7 Kc2 56. Rb8 Kc3 57. a8=Q Kd3 58. Qd5+
Ke2 59. Re8+ Kf1 60. Qf5+ Kg1 61. Rg8+ Kh1 62. Qf3# 1-0

[Event "Junior Online 4NCL Division 5"]
[Site "online"]
[Date "2020.05.14"]
[Round "5.37"]
[White "Lukhi, Neev"]
[Black "Hatem, Mika"]
[Result "0-1"]
[WhiteElo "969"]
[BlackElo "1450"]
[PlyCount "82"]
[EventDate "2020.05.14"]
[WhiteTeam "Phones Junior A"]
[BlackTeam "Hammersmith 2"]

1. e4 e5 2. Nf3 Nc6 3. Bc4 Bc5 4. c3 Nf6 5. d3 d6 6. a4 a6 7. O-O Bg4 8. Nbd2
O-O 9. b4 Ba7 10. Re1 Nh5 11. b5 Ne7 12. bxa6 bxa6 13. Rb1 a5 14. Ba3 Nf4 15.
g3 Nh3+ 16. Kg2 Nxf2 17. Qe2 Bh3+ 18. Kg1 Nxd3+ 19. Kh1 Nxe1 20. Rxe1 Bg4 21.
Qg2 Ng6 22. h3 Bxf3 23. Nxf3 Qd7 24. Bc1 Qxa4 25. Bd3 Qb3 26. Bd2 d5 27. Rb1
Qa4 28. exd5 e4 29. Bb5 Qa2 30. Rd1 Qxd5 31. Nd4 Bxd4 32. cxd4 Qxb5 33. Qxe4
Qb3 34. Qg2 Qxd1+ 35. Kh2 Rae8 36. Bxa5 Re2 37. Qxe2 Qxe2+ 38. Kh1 Qf1+ 39. Kh2
Re8 40. g4 Re2+ 41. Kg3 Qg2# 0-1

[Event "Junior Online 4NCL Division 5"]
[Site "online"]
[Date "2020.05.14"]
[Round "5.38"]
[White "Harb, Laith A"]
[Black "Anbu, Rajkumar"]
[Result "0-1"]
[WhiteElo "1390"]
[BlackElo "813"]
[PlyCount "128"]
[EventDate "2020.05.14"]
[WhiteTeam "Hammersmith 2"]
[BlackTeam "Phones Junior A"]

1. d4 d5 2. c4 e6 3. Nc3 Bb4 4. Bd2 dxc4 5. e3 Bxc3 6. Bxc3 b5 7. a3 Ba6 8. Qf3
Nd7 9. a4 Ngf6 10. axb5 Bxb5 11. Qd1 O-O 12. Nf3 c5 13. dxc5 Nxc5 14. Qxd8
Rfxd8 15. Ra5 a6 16. Be2 Nd3+ 17. Bxd3 cxd3 18. O-O d2 19. Nxd2 Bxf1 20. Kxf1
Nd5 21. Bd4 Nb4 22. Rg5 f6 23. Rg3 e5 24. Bc5 Rxd2 25. Bxb4 Rxb2 26. Be7 Kf7
27. Ba3 Ra2 28. Bb4 Rb8 29. Be1 Ra1 30. e4 Rbb1 31. Re3 g6 32. f3 a5 33. g3 Ke6
34. h4 f5 35. f4 fxe4 36. Rxe4 Kf5 37. Rxe5+ Kg4 38. Kf2 Ra2+ 39. Re2 Rxe2+ 40.
Kxe2 a4 41. Kd2 a3 42. Bf2 a2 43. Bd4 Kxg3 44. Ke3 Rb3+ 45. Kd2 Kxf4 46. Kc2
Rb4 47. Bh8 Ke3 48. Bg7 Rxh4 49. Kb3 Rh2 50. Be5 Rd2 51. Bb2 Rxb2+ 52. Kxb2 h5
53. Kxa2 h4 54. Kb2 h3 55. Kc2 h2 56. Kd1 h1=Q+ 57. Kc2 Kd4 58. Kb3 Qc1 59. Ka4
Qb1 60. Ka5 Kc4 61. Ka6 Kc5 62. Ka7 Kc6 63. Ka8 Kc7 64. Ka7 Qb7# 0-1

[Event "Junior Online 4NCL Division 5"]
[Site "online"]
[Date "2020.05.14"]
[Round "5.41"]
[White "Lang, Fred"]
[Black "Weedon, Arlo"]
[Result "1-0"]
[WhiteElo "1307"]
[BlackElo "1330"]
[PlyCount "49"]
[EventDate "2020.05.14"]
[WhiteTeam "Liverpool 2"]
[BlackTeam "Wey 2"]

1. e4 e5 2. Nf3 Nc6 3. d4 exd4 4. Nxd4 Nxd4 5. Qxd4 Nf6 6. e5 Ng8 7. Nc3 d6 8.
exd6 Bxd6 9. Qxg7 Qf6 10. Qxf6 Nxf6 11. Bc4 Bd7 12. Bg5 Be7 13. O-O-O O-O-O 14.
Rhe1 Be6 15. Rxd8+ Rxd8 16. Bxe6+ fxe6 17. Rxe6 Kd7 18. Re3 Rg8 19. Bxf6 Bxf6
20. g3 Bd4 21. Rd3 c5 22. Ne2 Rg4 23. c3 Re4 24. Kd1 c4 25. Rxd4+ 1-0

[Event "Junior Online 4NCL Division 5"]
[Site "online"]
[Date "2020.05.14"]
[Round "5.42"]
[White "Weedon, Oscar"]
[Black "Zheng, Kevin"]
[Result "1/2-1/2"]
[WhiteElo "1352"]
[BlackElo "1300"]
[PlyCount "63"]
[EventDate "2020.05.14"]
[WhiteTeam "Wey 2"]
[BlackTeam "Liverpool 2"]

1. c4 e5 2. Nc3 Nf6 3. e4 Bb4 4. Bd3 c6 5. Nf3 Qe7 6. O-O O-O 7. Bc2 d6 8. a3
Ba5 9. b4 Bc7 10. d4 Bg4 11. Be3 h6 12. h3 Bh5 13. d5 cxd5 14. cxd5 Nbd7 15.
Qe2 Bb6 16. Bd1 Bxe3 17. Qxe3 Nb6 18. Nh4 Bxd1 19. Raxd1 Nc4 20. Qg3 Nh5 21.
Qg4 Nf6 22. Qf3 Rac8 23. Nf5 Qd7 24. Qg3 Ne8 25. Qg4 Kh7 26. Qf3 g6 27. Ne3
Nxe3 28. Qxe3 Nf6 29. f4 Nh5 30. fxe5 dxe5 31. Rf3 Nf4 32. Kh2 1/2-1/2

[Event "Junior Online 4NCL Division 5"]
[Site "online"]
[Date "2020.05.14"]
[Round "5.43"]
[White "Enshaeian, Arad"]
[Black "Naef Schmid, Ianto"]
[Result "1-0"]
[WhiteElo "1225"]
[BlackElo "1307"]
[PlyCount "119"]
[EventDate "2020.05.14"]
[WhiteTeam "Liverpool 2"]
[BlackTeam "Wey 2"]

1. e4 c5 2. Nf3 Nc6 3. Nc3 e5 4. Bc4 Nf6 5. d3 Be7 6. O-O O-O 7. Bb5 a6 8. Bxc6
bxc6 9. Nxe5 Bd6 10. Nf3 Re8 11. Re1 Bc7 12. Bg5 d6 13. h3 h6 14. Bh4 Rb8 15.
b3 d5 16. exd5 cxd5 17. Rxe8+ Qxe8 18. Bxf6 gxf6 19. Qd2 Kh7 20. Qe1 Qg8 21.
Nh2 Bxh3 22. g3 Re8 23. Qd2 d4 24. Nd5 Qg7 25. Nxc7 Rg8 26. Qf4 h5 27. Nd5 Kh8
28. Qxf6 Qxf6 29. Nxf6 Rg5 30. Ne4 Re5 31. Nd2 Kg7 32. Nhf3 Re8 33. Re1 Rxe1+
34. Nxe1 Kf6 35. Kh2 Bg4 36. Ne4+ Ke5 37. Nxc5 Kd5 38. Nxa6 Kc6 39. Nb4+ Kb5
40. Nd5 Kc5 41. Nf4 Kb4 42. a4 Bf5 43. Nxh5 f6 44. Nxf6 Bg6 45. Nd5+ Ka5 46. f4
Bxd3 47. cxd3 Ka6 48. f5 Kb7 49. f6 Kc6 50. f7 Kxd5 51. f8=Q Ke5 52. Qf4+ Kd5
53. Qf7+ Ke5 54. Nf3+ Kd6 55. Qf4+ Kc5 56. Qe5+ Kb6 57. Nxd4 Ka6 58. Qb5+ Ka7
59. Nc6+ Ka8 60. Qb8# 1-0